000 00702nam a2200205Ii 4500
003 JO-AjNU
008 230605s9999||||xx |||||||||||||| ||und||
040 _aJO-AjNU
_bara
_erda
_cJO-AjNU
041 _aara
050 1 4 _aHF5547.A82.1995
100 3 _aالمغربي، كامل/مهدي زويلف/علي علاونة/حيدر فريحات/مدحت الطراونة,
_eauthor
_941743
245 0 0 _aاساسيات في الادارة
250 _aط1
264 3 1 _aعمان:دار الفكر للنشر والتوزيع؛1995
300 _a395ص
336 _atext
_btxt
_2rdacontent
337 _aunmediated
_bn
_2rdamedia
338 _avolume
_bnc
_2rdacarrier
650 4 _aالادارة
_941744
999 _aA17822
_c21390
_d21390